000 00345nam a2200145Ia 4500
008 230917s9999||||xx |||||||||||||| ||und||
040 _e27980
_aMAIN
041 _aEnglish
082 _a519.5 R13P
100 _aRai, V K
245 0 _aPrarambhik sankhyaki
260 _aNew Delhi
_bShri Publishing house
_c1996
300 _a90 p.
942 _cBK
999 _c91483
_d91483